000 00384nam a2200109Ia 4500
008 160909s9999 xx 000 0 und d
100 _aZhao, Qinhua
245 _aTransmitter beamforming solvability using active scattering devices
260 _bCalifornia State University, Long Beach.
_c2016
650 _aMASS COM
856 _uhttp://pqdtopen.proquest.com/doc/1786926393.html?FMT=ABS
999 _c304237
_d304237